The bicycle man / (Record no. 4404)

MARC details
000 -LEADER
fixed length control field 00852pam a2200241 a 4500
005 - DATE AND TIME OF LATEST TRANSACTION
control field 20240820143817.0
020 ## - INTERNATIONAL STANDARD BOOK NUMBER
International Standard Book Number 9780395506523
040 ## - CATALOGING SOURCE
Original cataloging agency DLC
Transcribing agency DLC
Modifying agency DLC
Language of cataloging eng
050 00 - LIBRARY OF CONGRESS CALL NUMBER
Classification number PZ7.S2744
082 00 - DEWEY DECIMAL CLASSIFICATION NUMBER
Classification number 813
100 1# - MAIN ENTRY--PERSONAL NAME
Personal name Say, Allen
245 14 - TITLE STATEMENT
Title The bicycle man /
Statement of responsibility, etc. by Allen Say
260 ## - PUBLICATION, DISTRIBUTION, ETC.
Place of publication, distribution, etc. Oakland, California :
Name of publisher, distributor, etc. Parnassus Press ;
Place of publication, distribution, etc. Boston :
Name of publisher, distributor, etc. Houghton Mifflin,
Date of publication, distribution, etc. 1982.
300 ## - PHYSICAL DESCRIPTION
Extent 41 unnumbered pages :
Other physical details color illustrations ;
Dimensions 23 cm.
505 ## - FORMATTED CONTENTS NOTE
Formatted contents note O <br/>
520 ## - SUMMARY, ETC.
Summary, etc. The amazing tricks two American soldiers do on a borrowed bicycle are a fitting finale for the school sports day festivities in a small village in occupied Japan.
521 ## - TARGET AUDIENCE NOTE
Target audience note 600 <br/>
Source Lexile AD <br/>
521 ## - TARGET AUDIENCE NOTE
Target audience note O <br/>
Source Raz-Plus <br/>
650 #1 - SUBJECT ADDED ENTRY--TOPICAL TERM
Topical term or geographic name entry element Bicycles and bicycling
General subdivision Fiction.
906 ## - LOCAL DATA ELEMENT F, LDF (RLIN)
a 7
b cbc
c orignew
d 1
e ocip
f 19
g y-gencatlg
942 ## - ADDED ENTRY ELEMENTS (KOHA)
Source of classification or shelving scheme Dewey Decimal Classification
Koha item type Books
Suppress in OPAC No
999 ## -
-- 4404
-- 4404
Holdings
Withdrawn status Lost status Source of classification or shelving scheme Damaged status Not for loan Home library Current library Shelving location Date acquired Total Checkouts Full call number Barcode Date last seen Price effective from Koha item type
    Dewey Decimal Classification     Footprints International School Library Network Toul Kork Campus Footprints International School Library Network Toul Kork Campus   08/20/2024   SAY 813 PZ7.S2744 FIS02848 08/20/2024 08/20/2024 Books